Nommer les 12 cantons du Luxembourg - Statistiques

Statistiques générales
  • Ce quiz a été pris 32 fois
  • Le résultat moyen est 7 sur 12
Statistiques - réponses
Réponse % Correct
Luxembourg
100%
Esch-sur-Alzette
75%
Capellen
60%
Clervaux
60%
Remich
60%
Grevenmacher
55%
Mersch
55%
Diekirch
50%
Vianden
50%
Echternach
45%
Wiltz
45%
Redange
40%
Aucun quiz correspondant
Distribution des résultats
% des personnes avec chaque résultat
Percentile par nombre de réponses
Votre historique - résultats
Vous n’avez pas pris ce quiz